| LEADER |
01247nam0a2200253 450 |
| 001 |
16829489 |
| 010 |
|
|
|a 978-2-413-00192-8
|b br.
|d 10,95
|
| 100 |
|
|
|a 20180322d2018 u u0frey01 ba
|
| 101 |
0 |
|
|a fre
|
| 102 |
|
|
|a FR
|
| 200 |
0 |
|
|a Yuko
|
| 207 |
|
1 |
|a
|
| 210 |
|
|
|a Lausanne
|b 27, rue de la Borde
|c Delcourt
|d 2018
|
| 215 |
|
|
|a 1 vol. (56 p.)
|d 30 cm
|
| 330 |
|
|
|a Il y a longtemps, alors que le Mal répandait sa toute puissance de destruction, six héros dotés de pouvoirs extraordinaires se dressèrent contre lui. Il fut vaincu et scellé dans un endroit secret du désert rouge de la planète Mars... Aujourd'hui, les six héritiers et dignes successeurs de ces héros antiques vont devoir faire face à la plus grande menace que le monde contemporain ait jamais connue.
|
| 461 |
|
0 |
|t Mythics
|v 1
|
| 700 |
|
0 |
|a Ogaki
|b Philippe
|c Auteur du texte
|4 70
|
| 702 |
|
0 |
|a Sobral
|b Patrick
|c Auteur du texte
|f 1972-....
|4 70
|
| 702 |
|
0 |
|a Lyfoung
|b Patricia
|c Illustrateur
|f 1977-....
|4 70
|
| 702 |
|
0 |
|a Jenny
|c Illustrateur
|f 1979-....
|4 70
|
| 702 |
|
0 |
|a Mister Choco Man
|c Illustrateur
|4 70
|
| 900 |
|
|
|a Bande Dessinée enfant ado
|
| 901 |
|
|
|a Accessible au prêt
|
| 995 |
|
|
|a Bibliothèque
|c Bibliothèque
|f 024018651
|h 024018651
|k BD OGA
|o p
|q j
|r az
|e Bibliothèque
|